Movie Pictures Starting with T - Statistics

General Stats
  • This quiz has been taken 78 times
  • The average score is 15 of 36
Answer Stats
Picture Answer % Correct
Ted
97%
Top Gun
96%
Teenage Mutant Ninja Turtles
93%
Terminator
90%
Titanic
86%
Twilight
86%
Thor
82%
Taken
74%
The Texas Chainsaw Massacre
71%
The Truman Show
67%
Tropic Thunder
53%
The Terminal
52%
Thunderbolts
44%
Trading Places
44%
True Lies
41%
Twister
40%
Terrifier
37%
The Thing
34%
The Talented Mr Ripley
33%
Train to Busan
32%
Tremors
30%
Tag
25%
This Is The End
21%
Teen Beach Movie
18%
Thirteen
16%
To All The Boys Ive Loved Before
16%
Two Weeks Notice
16%
That's My Boy
14%
The Tourist
14%
Talk To Me
11%
Truth or Dare
10%
The Tearsmith
4%
The Tragedy of Macbeth
4%
Take Me Out To The Ball Game
3%
Thoroughly Modern Millie
3%
Three Steps Above Heaven
1%
No matching quizzes found
Score Distribution
Percent of People with Each Score
Percentile by Number Answered
Your Score History
You have not taken this quiz